Elementary coordination chemistry

Bibliographic Details
Main Author: Jones, Mark M
Format: Section = Libro
Language:Undetermined
Spanish
Published: United States Prentice Hall 1964
Subjects:
LEADER 00500nam a2200181Ia 4500
008 240830s9999 xx 000 0 und d
040 |a CEDOC FIQ-RUSB / 540 J76 
041 |a spa 
082 |a 540 J76 
100 1 |a Jones, Mark M 
245 1 0 |a Elementary coordination chemistry 
260 |a United States  |b Prentice Hall  |c 1964 
300 |a 473 p.: il. 
650 7 |a QUÍMICA GENERAL 
650 7 |b  LA NATURALEZA DEL VINCULO EN COMPUESTOS DE COORDINACIÓN 
942 |c BK  |2 ddc 
991 |a TEXTO 
999 |c 13835